000 00458nam a22001697a 4500
003 NUST - PNEC
005 20170116180937.0
008 150906b xxu||||| |||| 00| 0 eng d
020 _a0136381073
040 _cLIBRARY
082 _a621.367 JEN
100 _98585
_aJenkins, Tudor E.
245 _aOptical sensing techniques and signal processing
_c Tudor E. Jenkins
260 _cc.1987
650 _98589
_aOptical detectors
_xME , EE
942 _2ddc
_cBK
999 _c66080
_d66080